000 01581nam a22003137a 4500
003 DO-SdBNP
005 20250116125129.0
007 ta
008 110301s2020 dr a 000 0 spa d
020 _a9789945620108
040 _aDO-SdBNP
_bspa
_cBNPHU
082 _axxxx
_bxxxx
245 1 0 _aMi futuro es importante hoy 2.0 :
_brecomendado para estudiantes de 15-16 años /
_cChristine de Marcellus de Vollmer, June Saunders, Carlos Beltramo, Jokin De Irala ; colaborador, Jesús Elías Michelen Embarek ; ilustración Paul Yanque
260 _aSanto Domingo :
_bEdiciones ALAFA,
_bFundación Palabra y Vida,
_c2020.
300 _a178 p. :
_bil.
_c25 cm.
490 1 _aAprendiendo a querer ;
_v11 ;
500 _aEs un programa completo para educación en valores, educación en democracia, desarrollo de la personalidad y una sana educación sexual.
500 _aPara estudiantes de 15-16 años.
505 2 _gUnidad I --
_tPersonalidad y liderazgo --
_gUnidad II --
_tCarácter, liderazgo y vida --
_gUnidad III --
_tLiderazgo en acción --
_gUnidad IV --
_tCarácter y relaciones --
_gUnidad V --
_tEspejismo y realidad --
_gUnidad VI --
_tCambiando de rumbo --
_gUnidad VII --
_tEnfrentando realidades de la vida /
590 _aInventariado, 2022/ YL
700 1 2 _aMarcellus de Vollmer, Christine de
_978929
700 1 2 _aSaunders, June
_981792
700 1 2 _aBeltramo, Carlos
_981793
700 1 2 _aDe Irala, Jokin
_981794
700 1 2 _aMichelen Embarek, Jesús Elías
_ecol.
_972774
830 0 _nAprendiendo a querer
_p11
_981429
910 _aYLockward
942 _2ddc
_cLBS1
999 _c51943
_d51943